| 000 | 00321nam a22001337a 4500 | ||
|---|---|---|---|
| 003 | SGT | ||
| 082 |
_a616.024 _bD14B |
||
| 100 | _aBLACKWOOD,A.L | ||
| 245 | _aDISEASE OF THE LIVER, PANCRCAS AND DUCTRESSGLANDS WITH HOMO. | ||
| 260 |
_aINDIA _bB.JAIN PUB _c2014 |
||
| 300 | _a166 | ||
| 650 | _aHOMOEOPATHIC | ||
| 942 |
_2ddc _cBK |
||
| 999 |
_c20476 _d20476 |
||